000
00345nam a22001217a 4500
082
_a
346.545520434 HAS
100
_a
Rana Sami-ul-Hassan
245
_a
Punjab Tenancy Act, 1887
_c
Rana Sami-ul-Hassan
260
_a
Lahore
_b
Irfan Law Book House
_c
2017
300
_a
192p
942
_2
ddc
_c
BK
999
_c
540937
_d
540937